| 000 -LEADER |
| fixed length control field |
00717nam a22001337a 4500 |
| 040 ## - CATALOGING SOURCE |
| Transcribing agency |
RUA |
| 082 ## - DEWEY DECIMAL CLASSIFICATION NUMBER |
| Classification number |
AVM DOK 2017 B657 Or.1 |
| 100 ## - MAIN ENTRY--AUTHOR NAME |
| Personal name |
DOK SOAKEAN ដក់ សៅគៀន |
| 245 ## - TITLE STATEMENT |
| Title |
haemo parasites in domestic chickens at orkonthor commune, stueng saen district, kampong thom province បរាសិតនៅក្នុងឈាមមាន់ចិញ្ចឹមជាលក្ខណៈគ្រួសារនៅឃុំអូរកន្ធ ក្រុងស្ទឹងសែន ខេត្តកំពង់ធំ |
| 260 ## - PUBLICATION, DISTRIBUTION, ETC. (IMPRINT) |
| Place of publication |
RUA |
| Name of publisher |
Phnom penh |
| 300 ## - PHYSICAL DESCRIPTION |
| Number of Pages |
viii;36p |
| Other physical details |
ill; |
| Dimensions |
29cm |
| 856 ## - ELECTRONIC LOCATION AND ACCESS |
| Uniform Resource Identifier |
https://drive.google.com/file/d/1N7CZ7h5_qSnHh1KbataVYP9tOGFiPW1j/view?usp=sharing |
| 942 ## - ADDED ENTRY ELEMENTS (KOHA) |
| Koha item type |
AVM |
| 952 ## - LOCATION AND ITEM INFORMATION (KOHA) |
| Withdrawn status [LOCAL, KOHA] |
0 |
| 952 ## - LOCATION AND ITEM INFORMATION (KOHA) |
| Withdrawn status [LOCAL, KOHA] |
0 |
| 952 ## - LOCATION AND ITEM INFORMATION (KOHA) |
| Withdrawn status [LOCAL, KOHA] |
0 |
| 952 ## - LOCATION AND ITEM INFORMATION (KOHA) |
| Withdrawn status [LOCAL, KOHA] |
0 |
| 952 ## - LOCATION AND ITEM INFORMATION (KOHA) |
| Withdrawn status [LOCAL, KOHA] |
0 |
| 952 ## - LOCATION AND ITEM INFORMATION (KOHA) |
| Withdrawn status [LOCAL, KOHA] |
0 |